A KIÉT - A Költségvetési Intézmények Érdekegyeztető Tanácsa
Elmentve itt :
| Szerző: | |
|---|---|
| További közreműködők: | |
| Dokumentumtípus: | Szakdolgozat |
| Megjelent: |
1997
|
| Tárgyszavak: | |
| Online Access: | http://diploma.bibl.u-szeged.hu/23919 |
| LEADER | 00600nta a2200157 i 4500 | ||
|---|---|---|---|
| 001 | dipl23919 | ||
| 005 | 20130314082334.0 | ||
| 008 | 110824s1997 hu om 0|| zxx d | ||
| 040 | |a SZTE Diploma Repozitórium |b hun | ||
| 041 | |a zxx | ||
| 100 | 2 | |a Szatmáriné Tüdős Ilona | |
| 245 | 1 | 2 | |a A KIÉT - A Költségvetési Intézmények Érdekegyeztető Tanácsa |h [elektronikus dokumentum] / |c Ilona Szatmáriné Tüdős |
| 260 | |c 1997 | ||
| 650 | 4 | |a Jogi és igazgatási tanulmányok | |
| 700 | 1 | |a Berki Erzsébet |e ths | |
| 856 | 4 | 0 | |u http://diploma.bibl.u-szeged.hu/id/eprint/23919/1/1997_tudos_ilona.pdf |z Dokumentum-elérés |